00674nam a2200229 a 4500001001300000003000900013005001700022008004100039020001000080082001600090245006300106260004300169300000900212500003500221505001000256650002400266710002800290902000800318942000700326952009600333999001500429nice12345678IN_TiNIC20260116011829.0050524s1882 lona grp 000 0 eng  ac10000a225.52bOXF aNew Testamentb 1611 and 1881 Version in Parallel Columne. aLondonbOxford University Press c1882 a550p aincludes index and biblioraphy2 aIndex aBible-New Testament2 aOxford University Press bSRS cBK 00104070aHMIbHMId2007-06-19g100.00l0o225.52 OXFp6705r2007-06-19w2026-01-16yARB c4284d4284